LEADER 00902cam2 2200277 450 001 E600200063362 005 20210223091733.0 100 $a20100429d1976 |||||ita|0103 ba 101 $aita 102 $aIT 200 1 $a<<1: I >>fondatori$fLeszek Kolakowski 210 $aMilano$cSugarCo$d1976 215 $a460 p. 21 cm 225 2 $aArgomenti$v77 410 1$1001LAEC00015244$12001 $a*Argomenti$v77 461 1$1001E600200063361$12000 $aNascita sviluppo dissoluzione del marxismo 700 1$aKolakowski$b, Leszek$3A600200050101$4070$0451230 801 0$aIT$bUNISOB$c20210223$gRICA 850 $aUNISOB 852 $aUNISOB$j100$m46627 912 $aE600200063362 940 $aM 102 Monografia moderna SBN 941 $aM 957 $a100$b003871$i-1$gSi$d46627$racquisto$1massimo$2UNISOB$3UNISOB$420100429123818.0$520210222105303.0$6Alfano 996 $aFondatori$91766454 997 $aUNISOB LEADER 01139nam0 22002771i 450 001 UON00222597 005 20231205103421.848 010 $a08-01-48626-2 100 $a20030730d1998 |0itac50 ba 101 $aeng 102 $aUS 105 $a|||| ||||| 200 1 $a Democracy, revolution, and history$fedited by Theda Skocpol$ewith the assistance of George Ross, Tony Smith, Judith Eisenberg Vichniac 210 $aIthaca$aLondon$cCornell University Press$d1998. X$d273 p. ; 23 cm. 606 $aStoria sociale$xStudi$3UONC037889$2FI 620 $aUS$dIthaca (N.Y.)$3UONL000309 620 $aGB$dLondon$3UONL003044 676 $a306.09$cCultura e istituzioni. Storia$v21 702 1$aSkocpol$bTheda$3UONV089678 712 $aCornell University Press$3UONV256977$4650 801 $aIT$bSOL$c20250530$gRICA 899 $aSIBA - SISTEMA BIBLIOTECARIO DI ATENEO$2UONSI 912 $aUON00222597 950 $aSIBA - SISTEMA BIBLIOTECARIO DI ATENEO$dSI A E 0167 $eSI SC 35634 5 0167 996 $aDemocracy, revolution, and history$9248459 997 $aUNIOR